000 01003cab a2200253 4500
001 ABS50730
008 090401t1994 xxu||||| |||| 00| 0 eng d
035 _a(Sirsi) u27901
041 _aeng
100 _aAnderson, M.
245 _aPublic participation: an approach using aerial photographs at Ashford, Kent
260 _c1994
350 _a0
490 _aTown Planning Review
_v65(1) January 1994, 41-58(18)
520 _aIntroduces an experimental scheme to encourage public participation in the planning process through the use of aerial photographs, coloured stickers and a straightforward questionaire. Reports its popularity with the public and expands on its potential use in a wide range of decision-making or consensus-building applications.
650 _aPLANNING PROCESS
650 _aPUBLIC PARTICIPATION
650 _aSUSTAINABLE DEVELOPMENT
690 _aPLANNING LAW AND PRACTICE
700 _aMeaton, J.
700 _aPotter, C.
942 _n0
948 _c04/03/1997
999 _c18807
_d18807